000 02560cam a22004934i 4500
003 PE-LiUPU
005 20250731184550.0
008 150616s1962 mx a r 000 0 spa d
035 _a(Sirsi) a3334
040 _aPE-LiUPU
_bspa
_cPE-LiUPU
_dPE-LiUPU
_erda
049 _aPRUA
082 0 4 _a974.015
_bG53
_221
100 1 _aGirard, Rafael,
_eautor.
245 1 4 _aLos mayas eternos /
_cRafael Girard.
264 1 _aMéxico :
_bB. Costa-Amic, Mesones,
_c1962.
300 _a493 páginas :
_bilustraciones ;
_c24 centímetros
336 _atext
_2rdacontent
337 _aunmediated
_2rdamedia
338 _avolume
_2rdacarrier
505 0 _aRitos de año nuevo -- Ritos equinocciales -- Magna ceremonial inaugural del invierno -- El rito de la siembra -- La ceremonia inaugural del invierno en Chiquimula -- Mesas sagradas y templos indígenas -- Paradigmas míticos -- El ídolo en la mitología -- Ritos del solsticio de verano -- Del solsticio al segundo paso del sol por el cenit -- Fase final del calendario agrícola de 260 días -- El ciclo Estival -- Fiesta patronal y culto solar -- Ceremonias del solsticio -- Calendario fijo y calendario rotatorio -- La cultura Maya en el presente y el pasado -- El ciclo primario -- Fundamentos naturales y lugar de origen del calendario -- la patria original de los mitos y de la cultura -- Los Mayas. Sinopsis histórica.
526 _aP136
526 _aP135
526 _aP134
526 _aP133
526 _aP144
526 _aP143
526 _aP87
526 _aP35
526 _aP20
526 _aP14
526 _aP10
526 _aP06
650 0 4 _aMayas.
910 _ajck
_bjvq
_cjck
942 _2ddc
_cBOOK
949 _a974.015 G53
_wDEWEY
_c1
_i16520
_lCCODEBUL1
_mBUL
_p28.00
_r0
_sY
_tBOOK
_u19770308
_xEDUCACION
_PP20
_0COMPRA
_o.STAFF. Colección General
949 _a974.015 G53
_wDEWEY
_c2
_i14976
_lCCODEBUL1
_mBUL
_p28.00
_r0
_sY
_tBOOK
_u19770308
_xEDUCACION
_PP20
_0COMPRA
_o.STAFF. Colección Ciencias Humanas y Educación
994 _aC0
_bPEPRU
596 _a1
999 _a974.015 G53
_wDEWEY
_c41076
_i16520
_f2021-11-8
_g4
_lCCODEBUL1
_mBUL
_r0
_sY
_tBOOK
_u2015-6-16
_xBIBLIOTECA
_PP20
_0COMPRA
_o.STAFF. Colección General
_d41076
999 _a974.015 G53
_wDEWEY
_c2
_i14976
_d2015-11-29
_e2015-11-27
_f2022-4-21
_g5
_lCCODEBUL1
_mBUL
_n1
_p28.00
_r0
_sY
_tBOOK
_u2015-6-16
_xEDUCACION
_PP20
_0COMPRA
_o.STAFF. Colección Ciencias Humanas y Educación
980 _81
_gALBERTO SANCHEZ Responsable de Automatización